Dimanche (mort subite) - Statistiques

Statistiques générales
  • Ce quiz a été pris 119 fois
  • Le résultat moyen est 6 sur 8
Answers on the Grid
Answers color-coded by a green-red scale on the quiz's grid according to % correct below.
Fron-ière
Frica-sée
Pré-ommer
Ridic-le
M-nuscule
Courba-ure
-ourbature
Prim-ur
Parci-onie
Incorpo-er
Pam-ison
Brumis-teur
Frac-ure
Proc-aine
Mon-icule
Prépon-érant
 
Statistiques - réponses
Réponse % Correct
M-nuscule
94%
Parci-onie
82%
Pré-ommer
82%
Brumis-teur
78%
Prim-ur
76%
-ourbature
71%
Prépon-érant
71%
Proc-aine
65%
Aucun quiz correspondant
Distribution des résultats
% des personnes avec chaque résultat
Percentile par nombre de réponses
Votre historique - résultats
Vous n’avez pas pris ce quiz